Grossman's cardiac catheterization, angiography, and intervention (Registro nro. 89844)
[ vista simple ]
| 000 -ENCABEZADO | |
|---|---|
| Número de control [NR] | 01151nam a22003017a 4500 |
| 005 - FECHA Y HORA DE LA ÚLTIMA TRANSACCIÓN | |
| control field | 20180118154100.0 |
| 008 - DE LONGITUD FIJA DE DATOS DE ELEMENTOS - INFORMACIÓN GENERAL | |
| Elementos de longitud fija [NR] | 130821s2014 xxua gr eng |
| 020 ## - NUMERO INTERNACIONAL NORMALIZADO PARA LIBROS [R] | |
| Número Internacional Normalizado del libro [NR] | 068330741X (6a.Ed.) |
| 020 ## - NUMERO INTERNACIONAL NORMALIZADO PARA LIBROS [R] | |
| Número Internacional Normalizado del libro [NR] | 9781451127409 (8a.Ed.) |
| 040 ## - FUENTE DE CATALOGACION [NR] | |
| Agencia de catalogación original [NR] | Co-BoUCM |
| Idioma de catalogación [NR] | spa |
| Quien Cataloga | Sandra Palacio (modificó) |
| Quien Clasifica | [Nuevo] |
| 041 00 - CODIGO DE IDIOMA [R] | |
| Código de idioma para texto/pista de sonido o título separado [R] | Inglés |
| 060 10 - SIGNATURA TOPOGRAFICA DE LA BIBLIOTECA NACIONAL DE MEDICINA (NLM) [R] | |
| Número clasificador [R] | WG 141.5 |
| 245 00 - MENCION DE TITULO [NR] | |
| Título [NR] | Grossman's cardiac catheterization, angiography, and intervention |
| Mención de responsabilidad, etc. [NR] | editado por Mauro Moscucci |
| 246 30 - FORMA VARIANTE DEL TITULO [R] | |
| Título propiamente dicho/forma breve del título [NR] | Cardiac catheterization, angiography, and intervention |
| 250 ## - MENCION DE EDICION [NR] | |
| Mención de edición [NR] | 8a. ed. |
| 260 ## - PUBLICACION, DISTRIBUCION, ETC. (PIE DE IMPRENTA) [R] | |
| Lugar de publicación, distribución, etc. [R] | Filadelfia (Pensilvania, Estados Unidos) |
| Nombre del editor, distribuidor, etc. [R] | Lippincott, Williams & Wilkins |
| Fecha de publicación, distribución, etc. [R] | 2014 |
| 300 ## - DESCRIPCION FISICA [R] | |
| Extensión [R] | xv, 943 páginas |
| Otros detalles físicos [NR] | ilustraciones |
| 650 04 - ASIENTO SECUNDARIO DE MATERIA - TERMINO TEMATICO [R] | |
| Término temático o nombre geográfico como elemento de entrada [NR] | Angiografía |
| 9 (RLIN) | 9092 |
| 650 04 - ASIENTO SECUNDARIO DE MATERIA - TERMINO TEMATICO [R] | |
| Término temático o nombre geográfico como elemento de entrada [NR] | Angioplastia de balón |
| 9 (RLIN) | 9099 |
| 650 04 - ASIENTO SECUNDARIO DE MATERIA - TERMINO TEMATICO [R] | |
| Término temático o nombre geográfico como elemento de entrada [NR] | Angioplastia por laser |
| 9 (RLIN) | 9100 |
| 650 04 - ASIENTO SECUNDARIO DE MATERIA - TERMINO TEMATICO [R] | |
| Término temático o nombre geográfico como elemento de entrada [NR] | Cardiología |
| 9 (RLIN) | 10489 |
| 650 04 - ASIENTO SECUNDARIO DE MATERIA - TERMINO TEMATICO [R] | |
| Término temático o nombre geográfico como elemento de entrada [NR] | Cateterización cardiaca |
| 9 (RLIN) | 10608 |
| 650 04 - ASIENTO SECUNDARIO DE MATERIA - TERMINO TEMATICO [R] | |
| Término temático o nombre geográfico como elemento de entrada [NR] | Medicina interna |
| 9 (RLIN) | 19165 |
| 650 04 - ASIENTO SECUNDARIO DE MATERIA - TERMINO TEMATICO [R] | |
| Término temático o nombre geográfico como elemento de entrada [NR] | Test de función cardiaca |
| 9 (RLIN) | 25439 |
| 700 1# - ASIENTO SECUNDARIO - NOMBRE PERSONAL [R] | |
| Nombre personal [NR] | Moscucci, Mauro |
| 9 (RLIN) | 88450 |
| 730 0# - ASIENTO SECUNDARIO - TITULO UNIFORME [R] | |
| Título uniforme [NR] | Cardiac catheterization, angiography, and intervention. |
| 9 (RLIN) | 88451 |
| 942 ## - ELEMENTOS DE ENTRADA AGREGADOS (KOHA) | |
| Tipo de ítem principal el descrito en 300a | Libro |
| Tema principal | Medicina |
| Edición | 8 |
| Parte restante de la signatura top. | G878 |
| Sistema de clasificación | NLM |
| Clasificación | WG 141.5 |
| Título oculto en OPAC | No |
| Fecha de último préstamo | Total préstamos | Signatura topográfica | Código de barras | Última vez visto | Volúmen / Fascículo | Ejemplar | Price effective from | Tipo de ítem | Perdido | Sistema de clasificación | Dañado | No prestable | Tipo de ítem específico | Suprimido | Ubicación habitual | Ubicación actual | Localización | Fecha de creación | Forma de adquisición | Costo | Total Renewals | Costo de reposición | Proveedor |
|---|---|---|---|---|---|---|---|---|---|---|---|---|---|---|---|---|---|---|---|---|---|---|---|
| 03/04/2019 | 2 | WG 141.5 G878 | 100154889 | 01/12/2025 | 8a.Ed. | Ej.1 | 01/11/2017 | Libro | NLM | Libro | Fundación Cardioinfantil | Fundación Cardioinfantil | 1er piso | 01/11/2017 | Donación | 0.00 | 1 | 26000.00 | 12 | ||||
| 04/02/2019 | 2 | WG 141.5 G878 | 200009006 | 01/12/2025 | 6a.Ed. | Ej.1 | 03/02/2013 | Libro | NLM | Libro | Hospital Universitario Mayor | Hospital Universitario Mayor | 9no piso | 28/02/2004 | Donación | 26500.00 | |||||||
| WG 141.5 G878 | 200009012 | 01/12/2025 | 6a.Ed. | Ej.2 | 03/02/2013 | Libro | NLM | Libro | Hospital Universitario Mayor | Hospital Universitario Mayor | 9no piso | 28/02/2004 | Donación | 26500.00 | |||||||||
| 05/10/2009 | 1 | WG 141.5 G878 | 200009013 | 12/12/2025 | 6a.Ed. | Ej.9 | 03/02/2013 | Multimedia | NLM | CD-Rom | Quinta de Mutis | Quinta de Mutis | Colección digital | 28/02/2004 | Desconocido | 0.00 | |||||||
| WG 141.5 G878 | 200009007 | 12/12/2025 | 6a.Ed. | Ej.6 | 03/02/2013 | Multimedia | NLM | CD-Rom | Quinta de Mutis | Quinta de Mutis | Colección digital | 28/02/2004 | Donación | 26500.00 | |||||||||
| WG 141.5 G878 | 200009009 | 12/12/2025 | 6a.Ed. | Ej.7 | 03/02/2013 | Multimedia | NLM | CD-Rom | Quinta de Mutis | Quinta de Mutis | Colección digital | 28/02/2004 | Donación | 26500.00 | |||||||||
| 04/02/2019 | 1 | WG 141.5 G878 | 200009011 | 12/12/2025 | 6a.Ed. | Ej.8 | 03/02/2013 | Multimedia | NLM | CD-Rom | Quinta de Mutis | Quinta de Mutis | Colección digital | 28/02/2004 | Donación | 26500.00 |